000 00713nam a2200253 a 4500
005 20210219153059.0
008 991125n 000 0 spa u
035 _aUPN01000076859
100 1 _aLarrosa, Silvia L
222 _aINFANCIA Y APRENDIZAJE =
222 _bJOURNAL FOR THE STUDY OF EDUCATION AND DEVELOPMENT
245 _aEntrevista a Jacqueline Goodnow
260 _aMadrid, EspaƱa
300 _a3-17
362 0 _a1996 No. 73, ene.-mar.
653 0 _aFAMILIA
653 0 _aGOODNOW, JACQUELINE
653 0 _aINTERACCION PADRES-HIJO
653 0 _aPSICOLOGIA COGNOSCITIVA
653 0 _aPSICOLOGIA EVOLUTIVA
653 0 _aPSICOLOGIA SOCIAL
904 _aAC
_b014670
905 _aArticulo
999 _c67954
_d67954